书目信息

书名: 经营人生 
作者: 苏建诚
出版信息: 上海   上海三联书店  2005
开本页数: 21cm  17,296页
丛书名:
单 册:
中图分类: I266
科图分类:
主题词: 日记--中国--现代--选集
电子资源:
ISBN: 7-5426-2151-3
000 00749nam0 2200241 450
001 1236
005 20051206155145.0
010    @a7-5426-2151-3@dCNY20.00
100    @a20051128d2005 em y0chiy0110 ea
101 @achi
102    @aCN@b310000
105    @aa z 000cd
106    @ar
200 @a经营人生@Ajing ying ren sheng@f苏建诚(Danny Su)著
210    @a上海@c上海三联书店@d2005
215    @a17,296页@c照片@d21cm
330    @a本书收录了作者的多篇文章,描述了作者身边或生活、工作上的一些见解感受及处理之道,表现了作者对生活的感悟,从中折射出生活的哲理。
510 @aEnhance Your Life@zeng
606 @a日记@y中国@z现代@j选集
690    @aI266@v4
701  0 @a苏建诚@Asu jian cheng@4著
801  0 @aCN@bZL@c20051206
905    @dI266@e95
    
    经营人生/苏建诚(Danny Su)著.-上海:上海三联书店,2005
    17,296页:照片;21cm
    
    
    ISBN 7-5426-2151-3:CNY20.00
    本书收录了作者的多篇文章,描述了作者身边或生活、工作上的一些见解感受及处理之道,表现了作者对生活的感悟,从中折射出生活的哲理。
相关链接 在五车中查询图书 在当当中查询图书 在豆瓣中查询图书


正题名:经营人生     索取号:I266/95         预约/预借

序号 登录号 条形码 馆藏地/架位号 状态 备注
1 298264   300298264   柳城-3楼/32架5列6层/ [索取号:I266/95] 在馆    
2 298265   300298265   柳城-3楼/32架5列6层/ [索取号:I266/95] 在馆    
3 298266   300298266   柳城-3楼/32架5列6层/ [索取号:I266/95] 在馆    
4 298267   300298267   海科密-1楼/32架12列4层/ [索取号:I266/95] 在馆    
5 298268   300298268   海科密-1楼/36架12列4层/ [索取号:I266/95] 在馆